000 00611cam a2200145 4500500
005 20260208010607.0
041 _afre
042 _adc
100 1 0 _aDubray, Jean
_eauthor
245 0 0 _aPierre V. Zima, Critique littéraire et esthétique. Les fondements esthétiques des théories de la littérature, Paris, L’Harmattan, 2003, 313 p., 27 E.
260 _c2006.
500 _a28
786 0 _nRevue philosophique de la France et de l'étranger | 131 | 1 | 2006-03-01 | p. 77zy-138zy | 0035-3833
856 4 1 _uhttps://shs.cairn.info/revue-philosophique-2006-1-page-77zy?lang=fr&redirect-ssocas=7080
999 _c1657276
_d1657276